00509pam a2200169 450000100040000000500170000400800390002101000160006002000160007624501000009226000380019230000210023050000200025165000250027170000300029699900130032690020181127162247.0891017s1989 nyu 001 0 eng a 89018196 a0517682362 00a2,715 one-line quotations for speakers, writers & raconteurs /c[compiled by] Edward F. Murphy. aNew York :bBonanza Books,c1989. a216 p. ;c24 cm. aIncludes index. 0aQuotations, English.1 aMurphy, Edward F.,d1921- c639d639